00989nam a2200193 a 4500008004100000020001500041050001600056100002200072245002100094246006700115260003200182300002200214350000900236995013100245995014800376999001700524952011900541952013500660120416s1985 ||||||||||||||||| || u a0905788222 aDT 8781 Der aDerricourt, Robin10aMan on the Kafue athe archaelogicy and history of the Itezhitezhi area of Zambia aLondonbEthnographicac1985 axvi, 252p. : ill. a0.00 aSPECIAL COLLECTIONSD0.00e018649FCBU-MAIN LIBRARY (Kitwe)H1I87.65jZAM DT 8781 DerUAVAILABLEy018649ZZambiana Collection aMAIN LIBRARY OPEN ACCESSD0.00e001675FCBU-MAIN LIBRARY (Kitwe)H2I87.65jDT 8781 DerUAVAILABLEy001675ZMain Library Open Access Collection c82359d82359 00102lcc4070a001b001cZambiana Collectiond2023-09-27l0oDT 8781 Derp018649r2023-09-27t1w2023-09-27y023 00102lcc4070a001b001cMain Library Open Access Collectiond2023-09-27l0oDT 8781 Derp001675r2023-09-27t2w2023-09-27y002